000 007450000a22002170004500
003 LK-CoMWRAF
005 20240229114635.0
008 230817t1994 ||||| |||| 00| 0 eng d
040 _aLK-CoMWRAF
_dLK-CoMWRAF
_eLK-CoMWRAF
041 _aeng
041 _afre
082 _a016.3054
_bWOM
110 _aWomen living under Muslim laws
245 _aIslam, Islamisation and women in Africa:a general introductory bibliography=Islam et Islamisation des femmes en Afrique: bibliographie générale preliminaire
260 _aGrables:
_bWomen living under Muslim laws,
_c1994
300 _a23 p.
490 _aWomen & Islam in Africa series
_vNo.1
650 _aWOMEN- Islam-Africa
650 _aMuslim women-Africa-Bibliographies
942 _cBK
999 _c825
_d825